000 00644nam a2200121Ia 4500
008 220620s9999||||xx |||||||||||||| ||und||
100 _aAlessandra, Lorini
245 3 _aAn intimate and contested relation
546 _aEnglish[eng]
650 _astati uniti d'america||cuban society||history||united states of america||storia||società cubana||cuba||Cubans||Havana||Italy||José Martí||W. E. B. Du Bois
856 _uhttps://library.oapen.org/bitstream/20.500.12657/34737/1/356388.pdf||https://library.oapen.org/bitstream/20.500.12657/34737/1/356388.pdf||https://library.oapen.org/bitstream/20.500.12657/34737/1/356388.pdf
942 _cEB
999 _c22980
_d22980